000 00394cam a22001217a 4500
008 180718b1991 xxu||||| |||| 00| 0 eng d
082 _aA81x54 91/31/PAP1/1991
100 _aCensus of India 1991
245 _aDelhi: provisional population totals
260 _aNew Delhi
_bDirector of Census Operations
_c1991
300 _a46p.
440 _aCensus of India 1991. Series-31, Delhi. Paper 1 of 1991
999 _c481616
_d481616